00426nam a22001577a 450000500170000000800410001702000180005804100080007608200120008410000430009624500340013925000100017326000530018330000110023665000210024720210904101738.0200521b xxu||||| |||| 00| 0 eng d a9788120417069 aeng a320 SAB aSabine, George H And Thorson, Thomas L aA History of Political Theory a4'th  aNew DelhibCBS PUblishers and Distributorsc1973 a871 P. aPoltical Science